| 000 | 01504nam a2200349 i 4500 | ||
|---|---|---|---|
| 001 | 177703 | ||
| 003 | ES-MaACL | ||
| 005 | 20250929142931.0 | ||
| 008 | 110413s1959 sp fo |||| | spa d | ||
| 080 | _a821.134.2-31"19" | ||
| 245 | 0 | 4 |
_aLas mejores novelas contemporáneas. _nIV, _p(1910-1914) / _cselección y estudios de Joaquín de Entrambasaguas ; con la colaboración de Mária del Pilar Palomo. |
| 250 | _a1ª ed. | ||
| 260 |
_aBarcelona : _bPlaneta, _c1959. |
||
| 300 |
_aXXIX, 1594, [10] p. de lám. ; _c19 cm. |
||
| 504 | _aBibliografía. | ||
| 505 | 8 |
_aContiene: v. 4 (1910-1914) ; _tEl peregrino / _rCiro Bayo. -- _tEl amor de los amores / _rRicardo León. -- _tLas cerezas del cementerio / _rGabriel Miró. -- _tLa danza del corazón / _rJosé Francés. -- _tLa esfinge maragata / _rConcha Espina |
|
| 650 | 0 | 4 |
_aNovela española- _yS.XX _915636 |
| 700 | 1 |
_aEntrambasaguas, Joaquín de, _d1904-1995 _947309 |
|
| 700 | 1 |
_aPalomo, María del Pilar, _d1933- _9144616 |
|
| 700 | 1 |
_aBayo, Ciro, _d1859-1939 _926688 |
|
| 700 | 1 |
_aLeón, Ricardo, _d1877-1943 _971597 |
|
| 700 | 1 |
_aMiró, Gabriel. _981602 |
|
| 700 | 1 |
_aFrancés, José, _d1883-1964 _952141 |
|
| 700 | 1 |
_aEspina, Concha, _d1869-1955 _947834 |
|
| 740 | 3 | 2 | _aEl peregrino entretenido. |
| 740 | 3 | 2 | _aEl amor de los amores. |
| 740 | 4 | 2 | _aLas cerezas del cementerio. |
| 740 | 3 | 2 | _aLa danza del corazón. |
| 740 | 3 | 2 | _aLa esfinge maragata. |
| 852 |
_aES-MaACL _jE-14896 _xOlim P-241 |
||
| 999 |
_c177703 _d177703 |
||